Animal babies' names - Statistics

General Stats
  • This quiz has been taken 85 times
  • The average score is 9 of 16
Answer Stats
Parent's name Answer % Correct
cat kitten
97%
cow calf
94%
chicken chick
93%
person baby
92%
dog puppy
89%
goat kid
86%
bear cub
68%
whale calf
57%
seal pup
51%
panda cub
50%
sea lion pup
49%
camel calf
47%
rabbit kit
32%
turtle hatchling
14%
koala joey
14%
alpaca cria
6%
No matching quizzes found
Score Distribution
Percent of People with Each Score
Percentile by Number Answered
Your Score History
You have not taken this quiz